Triple Jump Men's - Top 20 All Time - Outdoor - Statistiques

Statistiques générales
  • Ce quiz a été pris 7 fois
  • Le résultat moyen est 8 sur 20
Statistiques - réponses
Rang Distance Réponse Pays % Correct
01 18.29m Jonathan EDWARDS Grande-Bretagne
100%
05 18.08m Pedro PICHARDO Cuba
100%
06 18.04m Teddy TAMGHO France
100%
02 18.21m Christian TAYLOR États-Unis
80%
18 17.82m Hugues Fabrice ZANGO Burkina Faso
80%
03 18.14m Will CLAYE États-Unis
80%
04 18.09m Kenny HARRISON États-Unis
40%
19 17.81 Phillips IDOWU Grande-Bretagne
40%
13 17.87m Jaydon HIBBERT Jamaïque
20%
12 17.89m João Carlos DE OLIVEIRA Brésil
20%
13 17.87m Jordan Alejandro DÍAZ FORTUN Cuba
20%
08 17.92m Khristo MARKOV Bulgarie
20%
19 17.81 Marian OPREA Roumanie
20%
13 17.87m Mike CONLEY États-Unis
20%
07 17.97m Willie BANKS États-Unis
20%
16 17.86m Charles SIMPKINS États-Unis
0%
10 17.90m Jadel GREGÓRIO Brésil
0%
08 17.92m James BECKFORD Jamaïque
0%
10 17.90m Volodimir INOZEMTSEV URSS
0%
17 17.85m Yoelbi QUESADA Cuba
0%
Aucun quiz correspondant
Distribution des résultats
% des personnes avec chaque résultat
Percentile par nombre de réponses
Votre historique - résultats
Vous n’avez pas pris ce quiz